000 00566nab a2200145 4500
003 ES-SlBCS
005 20210327231256.0
008 170502s2017 cr ||||| |||| 00| 0 spa d
040 _aES-SlBCS
_bspa
100 1 _aEspinoza Rojas, Johan
_9412810
245 1 0 _aBreves reflexiones sobre las imágenes del miedo al fin del mundo
_b: el caso de las pandemias en la pantalla
_cJohan Espinoza Rojas
650 0 0 _aMedicina
_914377
773 0 _gVol. 56, Nº 145, 2017, págs. 37-44
_tRevista de Filosofía de la Universidad de Costa Rica
_wRev371
_x0034-8252
942 _2lcc
_cAR
999 _c861983
_d861983